Le débarquement de Normandie - QCM - Statistiques

Statistiques générales
  • Ce quiz a été pris 432 fois
  • Le résultat moyen est 10 sur 15
Statistiques - réponses
Question Réponse % Correct
Quelle est la date du débarquement de Normandie ? 6 juin 1944
97%
L'opération militaire du débarquement de Normandie s'appelait l'opération... Overlord
95%
Parlis ces plages, laquelle a été une plage du débarquement ? Sword
92%
Lequel de ces pays n'était pas parmis les nations alliées lors du débarquement ? U.R.S.S.
89%
Combien y avait-il de plages de débarquement principales ? 5
85%
Quel général était le commandant suprême des forces alliées lors du débarquement ? Dwight D. Eisenhower
76%
Quelle a été l'une des principales raisons de l'échec des défenses allemandes ? Mauvaise communication
74%
Quelle nation était principalement responsable de l'attaque sur la plage nommée Juno ? Canada
72%
Qui était le commandant des forces allemandes en France au moment du débarquement ? Erwin Rommel
68%
Combien de soldats alliés ont participé au débarquement ? (Environ) 150 000
61%
Quel était l'objectif principal du débarquement de Normandie ? Ouvrir un front occidental pour soulager l'Union soviétique (U.R.S.S)
59%
Quel nom de code à été donné à la plage de débarquement la plus à l'ouest ? Utah
58%
Quel pays a été le premier à annoncer publiquement le succès du débarquement ? Royaume-Uni
37%
Comment s'appelait l'opération de diversion menée par les Alliés pour tromper les Allemands sur l'emplacement du vrai débarquement ? Bodyguard
13%
Le nom de code qui était utilisé pour les parachutistes alliés largués en arrière des lignes ennemies est l'opération Tonga
11%
Aucun quiz correspondant
Distribution des résultats
% des personnes avec chaque résultat
Percentile par nombre de réponses
Votre historique - résultats
Vous n’avez pas pris ce quiz